John Wesley on Christian Beliefs: (Record no. 124366)
[ view plain ]
| 000 -LEADER | |
|---|---|
| fixed length control field | 01431cam a2200325 a 4500 |
| 001 - CONTROL NUMBER | |
| control field | 12576380 |
| 003 - CONTROL NUMBER IDENTIFIER | |
| control field | ARRUPE |
| 005 - DATE AND TIME OF LATEST TRANSACTION | |
| control field | 20160330112008.0 |
| 008 - FIXED-LENGTH DATA ELEMENTS--GENERAL INFORMATION | |
| fixed length control field | 011031m20022003tnu b 001 0 eng |
| 010 ## - LIBRARY OF CONGRESS CONTROL NUMBER | |
| LC control number | 2001055256 |
| 020 ## - INTERNATIONAL STANDARD BOOK NUMBER | |
| International Standard Book Number | 0687052963 (alk. paper) |
| 020 ## - INTERNATIONAL STANDARD BOOK NUMBER | |
| International Standard Book Number | 0687028108 (v. 2 : alk. paper) |
| 020 ## - INTERNATIONAL STANDARD BOOK NUMBER | |
| International Standard Book Number | 0687022266 (v. 3 : pbk. : alk paper) |
| 040 ## - CATALOGING SOURCE | |
| Original cataloging agency | DLC |
| Transcribing agency | DLC |
| Modifying agency | DLC |
| 050 00 - LIBRARY OF CONGRESS CALL NUMBER | |
| Classification number | BX8217.W54 |
| Item number | K56 2002 |
| 082 00 - DEWEY DECIMAL CLASSIFICATION NUMBER | |
| Classification number | 252/.07 |
| Edition number | 21 |
| 300 ## - PHYSICAL DESCRIPTION | |
| Dimensions | 23 cm. |
| 100 1# - MAIN ENTRY--PERSONAL NAME | |
| Personal name | Wesley, John, |
| Dates associated with a name | 1703-1791. |
| 9 (RLIN) | 22908 |
| 240 10 - UNIFORM TITLE | |
| Uniform title | <a href="Sermons on several occasions">Sermons on several occasions</a> |
| 245 14 - TITLE STATEMENT | |
| Title | John Wesley on Christian Beliefs: |
| Statement of responsibility, etc | [edited by] Kenneth Cain Kinghorn. |
| Remainder of title | the standard sermons in modern English |
| 260 ## - PUBLICATION, DISTRIBUTION, ETC. (IMPRINT) | |
| Place of publication, distribution, etc | Nashville, TN : |
| Name of publisher, distributor, etc | Abingdon Press, |
| Date of publication, distribution, etc | 2002 |
| 300 ## - PHYSICAL DESCRIPTION | |
| Extent | 347p. ; |
| 504 ## - BIBLIOGRAPHY, ETC. NOTE | |
| Bibliography, etc | Includes bibliographical references and indexes. |
| 505 1# - FORMATTED CONTENTS NOTE | |
| Formatted contents note | v. 1. John Wesley on Christian beliefs, 1-20 -- v. 2. John Wesley on the Sermon on the mount, 21-33 -- v. 3. John Wesley on Christian practice, 34-53. |
| 650 #0 - SUBJECT ADDED ENTRY--TOPICAL TERM | |
| Topical term or geographic name as entry element | Methodist Church |
| Form subdivision | Sermons. |
| 9 (RLIN) | 22909 |
| 650 #0 - SUBJECT ADDED ENTRY--TOPICAL TERM | |
| Topical term or geographic name as entry element | Sermons, English |
| Chronological subdivision | 18th century. |
| 9 (RLIN) | 22910 |
| 700 1# - ADDED ENTRY--PERSONAL NAME | |
| Personal name | Kinghorn, Kenneth C. |
| 9 (RLIN) | 22911 |
| 906 ## - LOCAL DATA ELEMENT F, LDF (RLIN) | |
| a | 7 |
| b | cbc |
| c | orignew |
| d | 1 |
| e | ocip |
| f | 20 |
| g | y-gencatlg |
| 942 ## - ADDED ENTRY ELEMENTS (KOHA) | |
| Source of classification or shelving scheme | Library of Congress Classification |
| Koha item type | Monograph ( Printed materials) |
| Withdrawn status | Lost status | Source of classification or shelving scheme | Damaged status | Not for loan | Collection code | Home library | Current library | Shelving location | Date acquired | Total Checkouts | Full call number | Barcode | Date last seen | Price effective from | Koha item type |
|---|---|---|---|---|---|---|---|---|---|---|---|---|---|---|---|
| Library of Congress Classification | Main Collection | ARRUPE LIBRARY | ARRUPE LIBRARY | Main Collection | 15/03/2016 | BX8217.W54 K56 2002 | 46500006642 | 22/11/2017 | 15/03/2016 | Monograph ( Printed materials) |